Latin American foreign policies: (Record no. 1679775)

MARC details
000 -LEADER
fixed length control field 00730 a2200217 4500
005 - DATE AND TIME OF LATEST TRANSACTION
control field 20260417124103.0
008 - FIXED-LENGTH DATA ELEMENTS--GENERAL INFORMATION
fixed length control field 260417b |||||||| |||| 00| 0 eng d
020 ## - INTERNATIONAL STANDARD BOOK NUMBER
International Standard Book Number 9780230110953
037 ## - SOURCE OF ACQUISITION
Terms of availability TB
040 ## - CATALOGING SOURCE
Original cataloging agency CRL
Transcribing agency CRL
041 ## - LANGUAGE CODE
Source of code eng
Language code of text/sound track or separate title eng
084 ## - COLON CLASSIFICATION NUMBER
Classification number V791:19 Q1
Assigning agency CRL
245 ## - TITLE STATEMENT
Title Latin American foreign policies:
Remainder of title Between ideology and pragmatism
260 ## - PUBLICATION, DISTRIBUTION, ETC.
Name of publisher, distributor, etc. Palgrave Macmillan,
Date of publication, distribution, etc. 2011.
Place of publication, distribution, etc. New York, India:
300 ## - PHYSICAL DESCRIPTION
Extent 272p.
365 ## - TRADE PRICE
Price amount 5380.92
Currency code INR
650 ## - SUBJECT ADDED ENTRY--TOPICAL TERM
Topical term or geographic name entry element Latin America-Foreign Relations
9 (RLIN) 1235032
700 ## - ADDED ENTRY--PERSONAL NAME
Personal name Gardini, Gian Luca
Relator term Editor,
9 (RLIN) 1235033
942 ## - ADDED ENTRY ELEMENTS (KOHA)
Koha item type Textbook
Source of classification or shelving scheme Colon Classification (CC)
Classification part V791:19 Q1
Holdings
Withdrawn status Lost status Source of classification or shelving scheme Damaged status Not for loan Home library Current library Date acquired Source of acquisition Cost, normal purchase price Inventory number Total Checkouts Full call number Barcode Date last seen Cost, replacement price Price effective from Koha item type
    Colon Classification (CC)     Central Library Central Library 2026-04-17 International Book Distributors 3766.64 122497 & 18/02/2026   V791:19 Q1 CL1926471 2026-02-18 5380.92 2026-02-18 Textbook
Copyright @ Delhi University Library System